MARC

LEADER 00000nam0a2200000 4500
001 287104
005 20231101235945.0
020 |a RU  |b 85-57928 
035 |a (RuTPU)RU\TPU\book\311478 
090 |a 287104 
100 |a 20150312d1984 k y0rusy5003 ca 
101 0 |a rus 
102 |a RU 
105 |a a z 001zy 
200 1 |a Стратиграфия позднего докембрия и раннего палеозоя. Средняя Сибирь  |e сборник научных трудов  |f Академия наук СССР (АН СССР), Сибирское отделение (СО), Институт геологии и геофизики (ИГиГ) ; отв. ред. В.В. Хоментовский 
210 |a Новосибирск  |c Изд-во ИГиГ  |d 1984 
215 |a 148 с.  |c ил., 1 л. схем. 
320 |a Библиогр. в конце ст. 
606 |a Докембрийские отложения  |2 stltpush  |3 (RuTPU)RU\TPU\subj\9862  |9 37021 
606 |a Палеозойские отложения  |2 stltpush  |3 (RuTPU)RU\TPU\subj\47983  |9 66866 
610 1 |a стратиграфия 
610 1 |a Средняя Сибирь 
610 1 |a геологическая съемка 
610 1 |a опорные разрезы 
610 1 |a микрофоссилии 
610 1 |a микрофитолиты 
610 1 |a поздний докембрий 
610 1 |a ранний палеозой 
675 |a 551.71/.72  |z rus  |v 3 
675 |a 551.73  |z rus  |v 3 
702 1 |a Хоментовский  |b В.В.  |g Всеволод Владимирович  |4 340 
712 0 2 |a Академия наук СССР (АН СССР)  |b Сибирское отделение (СО)  |b Институт геологии и геофизики (ИГиГ)  |c (Новосибирск)  |2 stltpush  |3 (RuTPU)RU\TPU\col\128 
801 0 |a RU  |b RuMRKP  |c 19950704  |g psbo 
801 1 |a RU  |b 63413507  |c 20150312 
801 2 |a RU  |b 63413507  |c 20171121  |g RCR 
942 |c BK